000 00758nab#a2200241#c#4500
999 _c87873
_d87873
003 IEF
005 20191205102904.0
008 950704s1976 uuu|| #####0 b| |u
040 _aIEF
_cES-MaIEF
100 1 _aAlmenar Palau, Salvador
_9688
245 _aAlvaro Flórez Estrada y la tributación
_bEconomía ricardiana y reforma fiscal en España en el segundo tercio del siglo XIX
_c Salvador Almenar Palau
260 _c1976
500 _aBibliografía
650 4 _aIMPUESTOS
_947460
650 4 _aREFORMA
_910750
650 4 _aESPAÑA
_941092
650 4 _aFLOREZ DE ESTRADA, ALVARO (1766-1853)
_944348
650 4 _aHISTORIA
_945399
773 0 _tHacienda pública española
_w34570
_g38, p. 21-33
942 _2udc
942 _2udc